Welcome to the Holygrace Academy Library

Please use search bar below to get started

MALAGHAYUDE MARUKUKAL, KARINEELA (Record no. 7169)

MARC details
000 -LEADER
fixed length control field 00311nam a22001337a 4500
020 ## - INTERNATIONAL STANDARD BOOK NUMBER
ISBN 81-264-1553-3
082 ## - DEWEY DECIMAL CLASSIFICATION NUMBER
Classification number 894.812
Item number MEE/M
100 ## - MAIN ENTRY--AUTHOR NAME
Personal name MEERA, K R
245 ## - TITLE STATEMENT
Title MALAGHAYUDE MARUKUKAL, KARINEELA
260 ## - PUBLICATION, DISTRIBUTION, ETC. (IMPRINT)
Place of publication KOTTAYAM
Name of publisher DC BOOKS
Year of publication 2023
300 ## - PHYSICAL DESCRIPTION
Number of Pages 88
650 ## - SUBJECT ADDED ENTRY--TOPICAL TERM
Topical Term MALAYALAM FICTION
Geographic subdivision KERALA
942 ## - ADDED ENTRY ELEMENTS (KOHA)
Koha item type Books
Holdings
Withdrawn status Lost status Collection code Home library Current library Shelving location Date acquired Source of acquisition Cost, normal purchase price Full call number Accession Number Koha item type
    Fiction Main Library Main Library NEW SHELF WITH NEW ENTRY 11/11/2023 purchase 110.00 894.812 MEE/M 13333 Books